<?xml version="1.0" encoding="UTF-8"?>
<record
    xmlns:xsi="http://www.w3.org/2001/XMLSchema-instance"
    xsi:schemaLocation="http://www.loc.gov/MARC21/slim http://www.loc.gov/standards/marcxml/schema/MARC21slim.xsd"
    xmlns="http://www.loc.gov/MARC21/slim">

  <leader>00400nam a22001217a 4500</leader>
  <datafield tag="040" ind1=" " ind2=" ">
    <subfield code="c">rua</subfield>
  </datafield>
  <datafield tag="082" ind1=" " ind2=" ">
    <subfield code="a">STA MEN 2014 C337 Or.</subfield>
  </datafield>
  <datafield tag="100" ind1=" " ind2=" ">
    <subfield code="a">&#x1798;&#x17C9;&#x17C2;&#x1793; &#x179F;&#x17B6;&#x179A;&#x17BB;&#x1798;</subfield>
  </datafield>
  <datafield tag="245" ind1=" " ind2=" ">
    <subfield code="a">Fundamental Statistics , &#x1798;&#x17BC;&#x179B;&#x178A;&#x17D2;&#x178B;&#x17B6;&#x1793;&#x1782;&#x17D2;&#x179A;&#x17B7;&#x17C7;&#x1793;&#x17C3;&#x179F;&#x17D2;&#x1790;&#x17B7;&#x178F;&#x17B7;&#x179C;&#x17B7;&#x1791;&#x17D2;&#x1799;&#x17B6;</subfield>
  </datafield>
  <datafield tag="260" ind1=" " ind2=" ">
    <subfield code="a">phnom penh</subfield>
    <subfield code="b">rua</subfield>
    <subfield code="c">2014</subfield>
  </datafield>
  <datafield tag="300" ind1=" " ind2=" ">
    <subfield code="a">xxii.325p.</subfield>
    <subfield code="b">ill.</subfield>
    <subfield code="c">29cm,</subfield>
  </datafield>
  <datafield tag="942" ind1=" " ind2=" ">
    <subfield code="c">&#x179F;&#x17C0;&#x179C;&#x1797;&#x17C5;&#x1782;&#x17C4;&#x179B;</subfield>
  </datafield>
  <datafield tag="999" ind1=" " ind2=" ">
    <subfield code="c">22518</subfield>
    <subfield code="d">22518</subfield>
  </datafield>
  <datafield tag="952" ind1=" " ind2=" ">
    <subfield code="0">0</subfield>
    <subfield code="1">0</subfield>
    <subfield code="4">0</subfield>
    <subfield code="6">STA_MEN_2014_000000000000000_C337_OR</subfield>
    <subfield code="7">0</subfield>
    <subfield code="9">96930</subfield>
    <subfield code="a">LBC</subfield>
    <subfield code="b">LBC</subfield>
    <subfield code="c">C337</subfield>
    <subfield code="d">2024-01-10</subfield>
    <subfield code="o">STA MEN 2014 C337 Or.</subfield>
    <subfield code="p">a075163</subfield>
    <subfield code="r">2024-01-10</subfield>
    <subfield code="y">REC</subfield>
  </datafield>
  <datafield tag="952" ind1=" " ind2=" ">
    <subfield code="0">0</subfield>
    <subfield code="1">0</subfield>
    <subfield code="4">0</subfield>
    <subfield code="6">STA_MEN_2014_000000000000000_C337_OR</subfield>
    <subfield code="7">0</subfield>
    <subfield code="9">96931</subfield>
    <subfield code="a">LBC</subfield>
    <subfield code="b">LBC</subfield>
    <subfield code="c">C337</subfield>
    <subfield code="d">2024-01-10</subfield>
    <subfield code="o">STA MEN 2014 C337 Or.</subfield>
    <subfield code="p">a074808</subfield>
    <subfield code="r">2024-01-10</subfield>
    <subfield code="y">REC</subfield>
  </datafield>
  <datafield tag="952" ind1=" " ind2=" ">
    <subfield code="0">0</subfield>
    <subfield code="1">0</subfield>
    <subfield code="4">0</subfield>
    <subfield code="6">STA_MEN_2014_000000000000000_C337_OR</subfield>
    <subfield code="7">0</subfield>
    <subfield code="9">96932</subfield>
    <subfield code="a">LBC</subfield>
    <subfield code="b">LBC</subfield>
    <subfield code="c">C337</subfield>
    <subfield code="d">2024-01-10</subfield>
    <subfield code="o">STA MEN 2014 C337 Or.</subfield>
    <subfield code="p">a075056</subfield>
    <subfield code="r">2024-01-10</subfield>
    <subfield code="y">REC</subfield>
  </datafield>
  <datafield tag="952" ind1=" " ind2=" ">
    <subfield code="0">0</subfield>
    <subfield code="1">0</subfield>
    <subfield code="4">0</subfield>
    <subfield code="6">STA_MEN_2014_000000000000000_C337_OR</subfield>
    <subfield code="7">0</subfield>
    <subfield code="9">96933</subfield>
    <subfield code="a">LBC</subfield>
    <subfield code="b">LBC</subfield>
    <subfield code="c">C337</subfield>
    <subfield code="d">2024-01-10</subfield>
    <subfield code="l">3</subfield>
    <subfield code="o">STA MEN 2014 C337 Or.</subfield>
    <subfield code="p">a075030</subfield>
    <subfield code="r">2026-03-02</subfield>
    <subfield code="s">2026-02-13</subfield>
    <subfield code="y">REC</subfield>
  </datafield>
  <datafield tag="952" ind1=" " ind2=" ">
    <subfield code="0">0</subfield>
    <subfield code="1">0</subfield>
    <subfield code="4">0</subfield>
    <subfield code="6">STA_MEN_2014_000000000000000_C337_OR</subfield>
    <subfield code="7">0</subfield>
    <subfield code="9">96934</subfield>
    <subfield code="a">LBC</subfield>
    <subfield code="b">LBC</subfield>
    <subfield code="c">C337</subfield>
    <subfield code="d">2024-01-10</subfield>
    <subfield code="o">STA MEN 2014 C337 Or.</subfield>
    <subfield code="p">a074768</subfield>
    <subfield code="r">2024-01-10</subfield>
    <subfield code="y">REC</subfield>
  </datafield>
  <datafield tag="952" ind1=" " ind2=" ">
    <subfield code="0">0</subfield>
    <subfield code="1">0</subfield>
    <subfield code="4">0</subfield>
    <subfield code="6">STA_MEN_2014_000000000000000_C337_OR</subfield>
    <subfield code="7">0</subfield>
    <subfield code="9">96935</subfield>
    <subfield code="a">LBC</subfield>
    <subfield code="b">LBC</subfield>
    <subfield code="c">C337</subfield>
    <subfield code="d">2024-01-10</subfield>
    <subfield code="l">5</subfield>
    <subfield code="o">STA MEN 2014 C337 Or.</subfield>
    <subfield code="p">a075143</subfield>
    <subfield code="r">2026-03-02</subfield>
    <subfield code="s">2026-02-05</subfield>
    <subfield code="y">REC</subfield>
  </datafield>
  <datafield tag="952" ind1=" " ind2=" ">
    <subfield code="0">0</subfield>
    <subfield code="1">0</subfield>
    <subfield code="4">0</subfield>
    <subfield code="6">STA_MEN_2014_000000000000000_C337_OR</subfield>
    <subfield code="7">0</subfield>
    <subfield code="9">96936</subfield>
    <subfield code="a">LBC</subfield>
    <subfield code="b">LBC</subfield>
    <subfield code="c">C337</subfield>
    <subfield code="d">2024-01-10</subfield>
    <subfield code="o">STA MEN 2014 C337 Or.</subfield>
    <subfield code="p">a075123</subfield>
    <subfield code="r">2024-01-10</subfield>
    <subfield code="y">REC</subfield>
  </datafield>
</record>
